Movies Quiz

Random Movies or Quote Quiz
Score 0/20 Timer 06:00
4 Plays Today
% Correct
Jack Torrance,
The Shining
96.1%
Jim Lovell,
Apollo 13
95.8%
Princess Leia,
Star Wars: Episode IV
- A New Hope
95.6%
Hannibal Lecter,
The Silence of the
Lambs
94.8%
Gollum,
The Lord of the
Rings
93.9%
Benjamin Braddock,
The Graduate
90.4%
Annie Wilkes,
Misery
88.3%
Gordon Gekko,
Wall Street
88.2%
Regina George,
Mean Girls
86.8%
'Dutch' Schaefer,
Predator
84.6%
% Correct
Colonel Kilgore,
Apocalypse Now
84.2%
Carol Anne Freeling,
Poltergeist
83.6%
Elwood Blues,
The Blues Brothers
83.6%
Charles Foster Kane,
Citizen Kane
79.9%
Auric Goldfinger,
Goldfinger
79.2%
Terry Malloy,
On the Waterfront
78.7%
Scarlett O'Hara,
Gone with the Wind
77.2%
Ilsa Lund,
Casablanca
73.8%
Holly Golightly,
Breakfast at Tiffany's
67.7%
Annie Hall,
Annie Hall
62.5%
Remove Ads.
Support Sporcle.
Get the best of Sporcle when you Go Orange. This ad-free experience offers more features, more stats, and more fun while also helping to support Sporcle. Thank you for becoming a member.

You're not logged in!

Compare scores with friends on all Sporcle quizzes.
OR
Log In

Show Comments

Extras

Top Quizzes Today


Score Distribution

Your Account Isn't Verified!

In order to create a playlist on Sporcle, you need to verify the email address you used during registration. Go to your Sporcle Settings to finish the process.

Report this User

Report this user for behavior that violates our Community Guidelines.

Details: